000 00538nam a2200181Ia 4500
008 240925s9999 xx 000 0 und d
020 _a9781680500851
082 _a005.8 DUU
100 _aDuuna, Karl
245 0 _aSecure your node, js web application: keep attackers out and users happy
250 _aNA
260 _aDallas:
_bThe Pragmatic Bookshelf
_c,2016.
300 _a587p.
_b0
_fPhotocopy
500 _aIncludes Index
600 _aComputer Science
650 _aComputer science, information & general works
942 _cBK
999 _c18045
_d18045